| 000 | 00965nas a2200313 4500 | ||
|---|---|---|---|
| 001 | BR0500810 | ||
| 003 | BR-BrBNA | ||
| 005 | 20231205105149.0 | ||
| 007 | ta | ||
| 008 | 230509b bl.|||p| |||| 00| 00por d | ||
| 040 |
_aBR-BrBNA _bpor _cBiblioteca Nacional de Agricultura |
||
| 041 | _a(Pt) | ||
| 072 | _aQ03; Q04 | ||
| 100 | 1 | _aBogusz Junior, S. | |
| 100 | 1 | _aSantos, J.S. dos | |
| 100 | 1 | _aXavier, A.A.O. | |
| 100 | 1 | _aWeber, J. | |
| 100 | 1 | _aLeães, F.L. | |
| 100 | 1 | _aCostabeber, U. | |
| 245 | 1 | _aContaminação por compostos organoclorados em salsichas hot-dog comercializadas na cidade de Santa Maria , RS, Brasil | |
| 650 | _aSALSICHA | ||
| 650 | _aPESTICIDA | ||
| 650 | _aHIGIENE DE ALIMENTO | ||
| 650 | _aANÁLISE DE ALIMENTO | ||
| 650 | _aRIO GRANDE DO SUL | ||
| 773 | 0 |
_tCiência Rural (Brazil) _xISSN 0103-8478 _g(Sep-Oct 2004), v. 34(5) p. 1593-1596 _wBR0500810 |
|
| 909 |
_a202311 _bLúcia _c55 _dLúcia Elande |
||
| 942 |
_2AGRIS _n0 _cANA |
||
| 999 |
_c181555 _d181555 |
||